|
|
|
|
| LEADER |
01388njm a2200325 a 4500 |
| 001 |
000386122 |
| 003 |
CZ BrMZK |
| 005 |
19980105143423.0 |
| 008 |
980105s1998 xr f cze d |
| 028 |
0 |
3 |
|a L1 0316-2 831
|b Gramofonové závody
|
| 040 |
|
|
|a BOA001
|b cze
|
| 080 |
|
|
|a 885.0-93-343.4(086.7)
|2 MRF
|
| 100 |
1 |
|
|a Pavlíček, František,
|d 1923-2004
|7 jk01092088
|4 aut
|
| 245 |
1 |
0 |
|a Zlatovláska
|h [zvukový záznam] /
|c František Pavlíček ; [pohádka na motivy Karla Jaromíra Erbena ; režie Karel Weinlich].
|
| 260 |
|
|
|a Loděnice :
|b Gramofonové závody,
|c p1998
|
| 300 |
|
|
|a 1 CD :
|b DDD ;
|c 12 cm +
|e 1 brožura [8 s.].
|
| 306 |
|
|
|a 004644
|
| 500 |
|
|
|a Durata 46:44
|
| 500 |
|
|
|a Nahr. 1997
|
| 511 |
0 |
|
|a Vypravují: Ivan Trojan, Yvetta Blanarovičová, Viola Zinková ... [et al.].
|
| 700 |
1 |
|
|a Trojan, Ivan,
|d 1964-
|7 jn20000402395
|4 nrt
|
| 700 |
1 |
|
|a Weinlich, Karel,
|d 1930-2020
|7 jn19990010111
|4 drt
|
| 700 |
1 |
|
|a Zinková, Viola,
|d 1925-2017
|7 jn19990210844
|4 nrt
|
| 700 |
1 |
|
|a Erben, Karel Jaromír,
|d 1811-1870
|7 jk01030532
|4 aut
|
| 700 |
1 |
|
|a Blanarovičová, Yvetta,
|d 1963-
|7 jn19981000278
|4 nrt
|
| 700 |
1 |
|
|a Pelzer, Petr,
|d 1941-2017
|7 jn99240000863
|4 nrt
|
| 700 |
1 |
|
|a Somr, Josef,
|d 1934-2022
|7 jn19990009992
|4 nrt
|
| 910 |
|
|
|a BOA001
|b CD-0006.769
|
| 990 |
|
|
|a AV
|
| 996 |
6 |
|
|b 261H007176
|c CD-0006.769
|l MZK
|r Sklad / do 24 hodin
|n 0
|p p.v.
|w 000386122
|u 000010
|a 1
|e BOA001
|j MZK50
|s P
|